Animaux Orthographe (Singulier) - Statistiques

Statistiques générales
  • Ce quiz a été pris 194 fois
  • Le résultat moyen est 42 sur 45
Statistiques - réponses
Question Tuile Select % Correct
Clique sur la bonne orthographe ! Cauchon Non
98%
Clique sur la bonne orthographe ! Cocchon Non
98%
Clique sur la bonne orthographe ! Cocho Non
98%
Clique sur la bonne orthographe ! Cochonn Non
98%
Clique sur la bonne orthographe ! Coshon Non
98%
Clique sur la bonne orthographe ! Montonn Non
98%
Clique sur la bonne orthographe ! Montou Non
98%
Clique sur la bonne orthographe ! Monttons Non
98%
Clique sur la bonne orthographe ! Moueton Non
98%
Clique sur la bonne orthographe ! Moutan Non
98%
Clique sur la bonne orthographe ! Moute Non
98%
Clique sur la bonne orthographe ! Moutton Non
98%
Clique sur la bonne orthographe ! Panda rou Non
98%
Clique sur la bonne orthographe ! Panda rous Non
98%
Clique sur la bonne orthographe ! Panda rux Non
98%
Clique sur la bonne orthographe ! Pandas rous Non
98%
Clique sur la bonne orthographe ! Pandda roux Non
98%
Clique sur la bonne orthographe ! Poul Non
98%
Clique sur la bonne orthographe ! Poulle Non
98%
Clique sur la bonne orthographe ! Poulles Non
98%
Clique sur la bonne orthographe ! Pouule Non
98%
Clique sur la bonne orthographe ! Pule Non
98%
Clique sur la bonne orthographe ! Cochhon Non
97%
Clique sur la bonne orthographe ! Cocons Non
97%
Clique sur la bonne orthographe ! Pandas rou Non
97%
Clique sur la bonne orthographe ! Pandat roux Non
97%
Clique sur la bonne orthographe ! Pole Non
97%
Clique sur la bonne orthographe ! Pouie Non
97%
Clique sur la bonne orthographe ! Qokkas Non
97%
Clique sur la bonne orthographe ! Quokkka Non
97%
Clique sur la bonne orthographe ! Cochon Oui
96%
Clique sur la bonne orthographe ! Mouton Oui
96%
Clique sur la bonne orthographe ! Poule Oui
96%
Clique sur la bonne orthographe ! Cokka Non
95%
Clique sur la bonne orthographe ! Panda roux Oui
93%
Clique sur la bonne orthographe ! Quoca Non
93%
Clique sur la bonne orthographe ! Qokka Non
92%
Clique sur la bonne orthographe ! Cochons Non
89%
Clique sur la bonne orthographe ! Moutons Non
89%
Clique sur la bonne orthographe ! Pandas roux Non
88%
Clique sur la bonne orthographe ! Poules Non
88%
Clique sur la bonne orthographe ! Quoka Non
86%
Clique sur la bonne orthographe ! Koka Non
78%
Clique sur la bonne orthographe ! Coca Non
71%
Clique sur la bonne orthographe ! Quokka Oui
25%
Aucun quiz correspondant
Distribution des résultats
% des personnes avec chaque résultat
Percentile par nombre de réponses
Votre historique - résultats
Vous n’avez pas pris ce quiz